00332cam a22000977a 4500008004000000082001100040100002500051245010300076260004200179300001300221180718b1967 xxu||||| |||| 00| 0 eng d aJ7 D56 aDickinson, Robert E. aCity region and regionalism : a geographical contribution to human ecologycby Robert E. Dickinson aLondonbRoutiledge & Kegan Paulc1967 axv, 260p